Sea & sealife / (Record no. 305611)
[ view plain ]
| 000 -LEADER | |
|---|---|
| fixed length control field | 00755nam a2200289Ia 4500 |
| 008 - FIXED-LENGTH DATA ELEMENTS--GENERAL INFORMATION | |
| fixed length control field | 170203s9999 xx 000 0 und d |
| 020 ## - INTERNATIONAL STANDARD BOOK NUMBER | |
| International Standard Book Number | 8188370762 |
| 050 ## - LIBRARY OF CONGRESS CALL NUMBER | |
| Classification number | 0 30 |
| 050 ## - LIBRARY OF CONGRESS CALL NUMBER | |
| Item number | W119s |
| 100 ## - MAIN ENTRY--PERSONAL NAME | |
| Personal name | Wade, Laura. |
| 245 ## - TITLE STATEMENT | |
| Title | Sea & sealife / |
| 245 ## - TITLE STATEMENT | |
| Statement of responsibility, etc | written by Laura Wade. |
| 260 ## - PUBLICATION, DISTRIBUTION, ETC. (IMPRINT) | |
| Place of publication, distribution, etc | New Delhi : |
| 260 ## - PUBLICATION, DISTRIBUTION, ETC. (IMPRINT) | |
| Name of publisher, distributor, etc | Young Learner Publication. |
| 300 ## - PHYSICAL DESCRIPTION | |
| Extent | 32 pages : |
| 300 ## - PHYSICAL DESCRIPTION | |
| Other physical details | illustrations (some color) ; |
| 300 ## - PHYSICAL DESCRIPTION | |
| Dimensions | 29 cm. |
| 300 ## - PHYSICAL DESCRIPTION | |
| Accompanying material | 1 CD-ROM. |
| 440 ## - SERIES STATEMENT/ADDED ENTRY--TITLE | |
| Title | Knowledge masters. |
| 500 ## - GENERAL NOTE | |
| General note | Includes index; Internet linked--cover, |
| 650 ## - SUBJECT ADDED ENTRY--TOPICAL TERM | |
| Topical term or geographic name as entry element | Marine animals -- |
| 650 ## - SUBJECT ADDED ENTRY--TOPICAL TERM | |
| Topical term or geographic name as entry element | Marine animals. |
| 650 ## - SUBJECT ADDED ENTRY--TOPICAL TERM | |
| Topical term or geographic name as entry element | Ocean -- |
| 650 ## - SUBJECT ADDED ENTRY--TOPICAL TERM | |
| Topical term or geographic name as entry element | Ocean. |
| 650 ## - SUBJECT ADDED ENTRY--TOPICAL TERM | |
| General subdivision | Juvenile literature. |
| 650 ## - SUBJECT ADDED ENTRY--TOPICAL TERM | |
| General subdivision | Juvenile literature. |
| Withdrawn status | Lost status | Damaged status | Home library | Current library | Shelving location | Date acquired | Total Checkouts | Full call number | Barcode | Date last seen | Price effective from | Koha item type |
|---|---|---|---|---|---|---|---|---|---|---|---|---|
| Stonyhurst Southville International School (Batangas) | Stonyhurst Southville International School (Batangas) | 02/03/2017 | Ref. 030 .W119s | LS- 2408 | 02/03/2017 | 02/03/2017 | Books |